000 00649nam a2200241Ia 4500
003 OSt
005 20221005044505.0
006 a|||||r|||| 00| 0
007 ta
008 221004b |||||||| |||| 00| 0 mar d
024 _a40406
037 _cTextual
040 _aCRL
_cCRL
_bmar
041 _2mar
_amar
082 _aR66,6xG90,1:g, 155J0
100 _aValieb P.S.G.
_9592584
245 0 _aGyaneswar charita aani gyaneswari charcha
260 _aIndore
_bIndia
300 _a238p.
_ccm.
650 _aBHAGAVAD GITA
942 _hR66,6xG90,1:g, 155J0
_cTEXL
_2cc
999 _c953455
_d953455